000 00625cam a22002053a 4500
001 44171
003 PGUSA
005 20140828084015.0
008 131113s2013||||xxu|||||s|||||000 | eng d
040 _aPGUSA
_beng
042 _adc
100 1 _aJefferies, Thomas C.
245 1 4 _aThe Postal System of the United States and the New York General Post Office
_h[electronic resource] /
_cThomas C. Jefferies
260 _bProject Gutenberg,
_c2013
506 _aPublic domain in the USA.
516 _aElectronic text
830 0 _aProject Gutenberg
_v44171
856 4 0 _uhttp://www.gutenberg.org/ebooks/44171
942 _cEB
999 _c273422
_d273422